Statistics for Quickfire Countries

Click here to take the quiz!

General Stats

  • This quiz has been taken 10 times
  • The average score is 2 of 12

Answer Stats

ContinentCountry% Correct
N.A.United States of America
88%
AfricaDemocratic Republic of the Congo
38%
AsiaUnited Arab Emirates
25%
EuropeUnited Kingdom
25%
N.A.Antigua and Barbuda
13%
AfricaCentral African Republic
13%
AsiaEast Timor
13%
OceaniaPapua New Guinea
13%
AfricaRepublic of the Congo
0%
N.A.St. Kitts and Nevis
0%
N.A.St. Vincent and the Grenadines
0%
N.A.Trinidad and Tobago
0%

Score Distribution

Percentile by Number Answered

Percent of People with Each Score

Your Score History

You have not taken this quiz